Statistics for Countries and Capitals Starting with P - Three Minute Run

Click here to take the quiz!

General Stats

  • This quiz has been taken 74 times
  • The average score is 16 of 27

Answer Stats

country / capital% Correct
Panama
92%
Portugal
84%
Paraguay
81%
Peru
79%
Palau
77%
Philippines
76%
Poland
76%
Pakistan
71%
Paris
66%
Panama City
63%
Pretoria
61%
Paramaribo
60%
Port Moresby
58%
Pristina
56%
Papua New Guinea
55%
Port-au-Prince
55%
Port-of-Spain
55%
Pyongyang
53%
Podgorica
52%
Prague
52%
Praia
47%
Porto-Novo
45%
Port Louis
44%
Port Vila
40%
Palikir
37%
Phnom Penh
34%
Palestine
32%

Score Distribution

Percentile by Number Answered

Percent of People with Each Score

Your Score History

You have not taken this quiz